| 000 | 00718nam a2200277Ia 4500 | ||
|---|---|---|---|
| 005 | 20250425161851.0 | ||
| 008 | 250425s9999 xx 000 0 und d | ||
| 020 | _a842340918X | ||
| 041 | _aspa | ||
| 043 | _asp | ||
| 082 | _a658 | ||
| 100 | _aANTHONY, ROBERT N. | ||
| 245 | 0 | _aEL CONTROL DE GESTION: MARCO, ENTORNO Y PROCESO | |
| 250 | _a1A ED. | ||
| 260 | _aBILBAO | ||
| 260 |
_aEspaña _bEDICIONES DEUSTO S.A. _c1950 |
||
| 300 | _a263 | ||
| 500 | _aTítulo Traducido: THE MANAGEMENT CONTROL FUNCTION | ||
| 650 | _aCONTROL | ||
| 650 | _aCULTURA ORGANIZACIONAL | ||
| 650 | _aGESTION | ||
| 650 | _aPLANIFICACION ESTRATEGICA | ||
| 710 | _aEDICIONES DEUSTO S.A. | ||
| 942 | _c01 | ||
| 010 | _a32948 | ||
| 999 |
_c217760 _d217760 |
||